000 01052nam a2200265Ia 4500
003 OSt
005 20221005105200.0
006 a|||||r|||| 00| 0
007 ta
008 221004b |||||||| |||| 00| 0 hin d
020 _a9788179754153 (hbk)
_c750
024 _a21961
037 _b492, 25/03/2015, Swaraj Prakashan
_cTextual
040 _aCRL
_cCRL
_bhin
041 _2hin
_ahin
082 _aO152,1N3:g, Q3
100 _aचौहान, श्विदान सिंह
245 0 _aभारत में प्रगतिशील साहित्य की आवश्यकता
246 _aBhārat mean pragatishīl sāhitya kī āvashyakatā
260 _aनई दिल्ली
_bअनामिका पब्लिशर्स भारत
_c2013
300 _a336पृ0
_ccm.
650 _aहिन्दी साहित्य
942 _hO152,1N3:g, Q3
_cTEXL
_2cc
999 _c1015028
_d1015028